ბათუმის შოთა რუსთაველის სახელმწიფო უნივერსიტეტის ბიბლიოთეკა

Паразиты животных и растении.Вып.4 (ბიბ.ჩანაწერი № 46080)

000 -LEADER
fixed length control field 00564nam a2200193Ia 4500
001 - CONTROL NUMBER
control field 12910
003 - CONTROL NUMBER IDENTIFIER
control field GE_BSU
008 - FIXED-LENGTH DATA ELEMENTS--GENERAL INFORMATION
fixed length control field 181216s||||||||xx |||||||||||||| ||und||
040 ## - CATALOGING SOURCE
Transcribing agency GE_BSU
080 ## - UNIVERSAL DECIMAL CLASSIFICATION NUMBER
Universal Decimal Classification number 576.89
245 ## - TITLE STATEMENT
Title Паразиты животных и растении.Вып.4
245 ## - TITLE STATEMENT
Statement of responsibility, etc. Ред.колл.М.Ф.Ярошенко Ред.Л.З.Родионова
260 ## - PUBLICATION, DISTRIBUTION, ETC.
Place of publication, distribution, etc. Москва
260 ## - PUBLICATION, DISTRIBUTION, ETC.
Name of publisher, distributor, etc. Наука
260 ## - PUBLICATION, DISTRIBUTION, ETC.
Date of publication, distribution, etc. 1968
300 ## - PHYSICAL DESCRIPTION
Extent 250стр.илл.27см.
653 ## - INDEX TERM--UNCONTROLLED
Uncontrolled term Паразиты животных и растении
942 ## - ADDED ENTRY ELEMENTS (KOHA)
Koha item type წიგნი
ეგზემპლარები
Withdrawn status Lost status Damaged status Not for loan Date acquired Barcode Date last seen Price effective from Koha item type
        2018-12-17 20923 2018-12-17 2018-12-17 წიგნი